Environmental science : the way the world works
Αποθηκεύτηκε σε:
| Κύριος συγγραφέας: | |
|---|---|
| Άλλοι συγγραφείς: | |
| Μορφή: | Βιβλίο |
| Γλώσσα: | English |
| Δημοσίευση: |
Upper Saddle River :
Prentice Hall,
1996
|
| Θέματα: | |
| Ετικέτες: |
Προσθήκη ετικέτας
Δεν υπάρχουν, Καταχωρήστε ετικέτα πρώτοι!
|
MARC
| LEADER | 00000nam a2200000 i 4500 | ||
|---|---|---|---|
| 001 | 1/11145 | ||
| 008 | 970912s1996 eng d | ||
| 020 | |a 0-13-352154-0 | ||
| 035 | |1 ΠΑΡ |a 1997 |l 10018141 | ||
| 040 | |a GR-MY-UA |b gre |e aacr | ||
| 041 | 0 | |a eng | |
| 082 | 0 | |a 363.7 | |
| 100 | 1 | |a Nebel, Bernard J. | |
| 245 | 1 | 0 | |a Environmental science : |b the way the world works / |c Bernard J. Nebel, Richard T. Wright |
| 260 | |a Upper Saddle River : |b Prentice Hall, |c 1996 | ||
| 300 | |a 698 p. |b ill. | ||
| 504 | |a Includes bibliographical references and index | ||
| 650 | 0 | 0 | |a Environmental sciences. |
| 700 | 1 | |a Wright, Richard T. |d 1933- | |
| 852 | |a INST |b LESVOS |e 19970912 |h 363.7 NEB |p 005100015603 |q 005100015603 |t BK |y 0 | ||
| 852 | |a INST |b LESVOS |e 19970912 |h 363.7 NEB |p 005100015604 |q 005100015604 |t BK |y 0 | ||
| 852 | |a INST |b LESVOS |e 19970912 |h 363.7 NEB |p 005100015605 |q 005100015605 |t BK |y 0 | ||
| 852 | |a INST |b LESVOS |e 19970912 |h 363.7 NEB |p 005100015606 |q 005100015606 |t BK |y 0 | ||
| 852 | |a INST |b LESVOS |e 19970912 |h 363.7 NEB |p 005100015607 |q 005100015607 |t BK |y 0 | ||
| 852 | |a INST |b LESVOS |e 19970912 |h 363.7 NEB |p 005100015608 |q 005100015608 |t BK |y 0 | ||
| 852 | |a INST |b LESVOS |e 19970912 |h 363.7 NEB |p 005100015609 |q 005100015609 |t BK |y 0 | ||
| 852 | |a INST |b LESVOS |e 19970912 |h 363.7 NEB |p 005100015610 |q 005100015610 |t BK |y 0 | ||
| 852 | |a INST |b LESVOS |e 19970912 |h 363.7 NEB |p 005100015611 |q 005100015611 |t BK |y 0 | ||
| 852 | |a INST |b LESVOS |e 19970912 |h 363.7 NEB |p 005100015612 |q 005100015612 |t BK |y 0 | ||
| 852 | |a INST |b LESVOS |e 19970912 |h 363.7 NEB |p 005100015613 |q 005100015613 |t BK |y 0 | ||
| 852 | |a INST |b LESVOS |e 19970912 |h 363.7 NEB |p 005100015614 |q 005100015614 |t BK |y 0 | ||
| 852 | |a INST |b LESVOS |e 19970912 |h 363.7 NEB |p 005100015615 |q 005100015615 |t BK |y 0 | ||
| 852 | |a INST |b LESVOS |e 19970912 |h 363.7 NEB |p 005100015616 |q 005100015616 |t BK |y 0 | ||
| 852 | |a INST |b LESVOS |e 19970912 |h 363.7 NEB |p 005100015617 |q 005100015617 |t BK |y 0 | ||
| 852 | |a INST |b LESVOS |e 19970912 |h 363.7 NEB |p 005100015618 |q 005100015618 |t BK |y 0 | ||
| 852 | |a INST |b LESVOS |e 19970912 |h 363.7 NEB |p 005100015619 |q 005100015619 |t BK |y 0 | ||
| 852 | |a INST |b LESVOS |e 19970912 |h 363.7 NEB |p 005100015620 |q 005100015620 |t BK |y 0 | ||
| 852 | |a INST |b LESVOS |e 19970912 |h 363.7 NEB |p 005100015621 |q 005100015621 |t BK |y 0 | ||
| 852 | |a INST |b LESVOS |e 19970912 |h 363.7 NEB |p 005100015622 |q 005100015622 |t BK |y 0 | ||
| 909 | |a Λ |b 050969 | ||
| 909 | |a Λ |b 050970 | ||
| 909 | |a Λ |b 050971 | ||
| 909 | |a Λ |b 050972 | ||
| 909 | |a Λ |b 050973 | ||
| 909 | |a Λ |b 050974 | ||
| 909 | |a Λ |b 050975 | ||
| 909 | |a Λ |b 050976 | ||
| 909 | |a Λ |b 050977 | ||
| 909 | |a Λ |b 050978 | ||
| 909 | |a Λ |b 050979 | ||
| 909 | |a Λ |b 050980 | ||
| 909 | |a Λ |b 050981 | ||
| 909 | |a Λ |b 050982 | ||
| 909 | |a Λ |b 050983 | ||
| 909 | |a Λ |b 050984 | ||
| 909 | |a Λ |b 050985 | ||
| 909 | |a Λ |b 050986 | ||
| 909 | |a Λ |b 050987 | ||
| 909 | |a Λ |b 050988 | ||
| 950 | |a 091-1997-05-27 | ||